01405nam a22002777a 4500003000400000005001700004008004100021040002200062082002100084100003400105245003500139260011400174300001900288490002400307505002100331505004100352505003000393505021100423505028300634505001500917505001300932650004100945650004900986650004301035650004901078OSt20230421104507.0221006b |||||||| |||| 00| 0 eng d cBiblioteca Lado V a794.816.6bV632a aVicente, Jose Luis deeeditor aMediateca Expandida/bHabitar/ bCentro de Arte y Creación IndustrialbcajAsturbMinisterio de Industria, Turismo y Comercioc2010aEspaña c17x23cma138p. a03v2010x1889-965X aUn futuro Urbano aNuevos escenarios urbanos emergentes aLABoral y la arquitectura aEnsayosgEl cambio de los paradigmas Redibujar Software Urbano La construcción de una ciudad Notas sobre el diseño La ciudad colmada de dones Instantáneas de una ficticia Fluir, habitar, pensar aProyectosgPedro Miguel Cruz SENSEable City Lab SENSEable cITY Lab Rocarols/ Soriano/Tornabell Nerea Calvillo Dan Hill Timo Arnall Julian Bleecker Semiconductor kawamura-ganjavian Mark Shepard IaaC Philippe Rahm architectes Angel Borrego - OSS Citilab - Cornella  aBiografias aCreditos 2Tesauro de Arte & ArquitecturaaARTE 2Tesauro de Arte & ArquitecturaaVIDEO JUEGOS 2Tesauro de Arte & ArquitecturaaMUSICA 2Tesauro de Arte & ArquitecturaaARTE DIGITAL